Los censos de población y vivienda en la década de 1980 en América Latina /
Guardado en:
| Hovedforfatter: | |
|---|---|
| Andre forfattere: | |
| Format: | Texto |
| Udgivet: |
Buenos Aires:
Consejo Latinoamericano de Ciencias Sociales
|
| Tags: |
Tilføj Tag
Ingen Tags, Vær først til at tagge denne postø!
|
MARC
| LEADER | 00000 a a2200000 04500 | ||
|---|---|---|---|
| 001 | 23162 | ||
| 003 | |||
| 040 | |||
| 090 | |a 160000 | ||
| 100 | |a Torrado, Susana | ||
| 245 | |a Los censos de población y vivienda en la década de 1980 en América Latina / |c Susana Torrado | ||
| 260 | |a Buenos Aires: |b Consejo Latinoamericano de Ciencias Sociales | ||
| 300 | |a 275 p |b **no definido** | ||
| 700 | |a comp |a Baumeister, Eduardo |a Bravo, Rosa |a Buarque de Hollanda, Teodoro |a Carvalho Ferreira, Carlos E. de |a García Castro, Mary |a Goldani Altamann, Ana María |a Gordillo Montalvo, José |a Kaminsky, Mario |a Marshall, Adriana |a Natali, Susana E. |a Niedw | ||
| 999 | |c 13979 |d 13979 | ||
